Loading...
Malayalam Short Stories : an anthology
| Format: | Printed Book |
|---|---|
| Published: |
Trichur
Kerala Sahitya Akademi
1976
|
| LEADER | 00376nam a22001097a 4500 | ||
|---|---|---|---|
| 999 | |c 291591 |d 291591 | ||
| 082 | |a 8A3.0108 MAL | ||
| 245 | |a Malayalam Short Stories : an anthology | ||
| 260 | |a Trichur |b Kerala Sahitya Akademi |c 1976 | ||
| 300 | |a 358p | ||
| 942 | |c BK | ||
| 952 | |0 0 |1 0 |4 0 |6 8A3_0108_000000000000000_MAL |7 0 |9 310271 |a ENG |b ENG |d 2020-06-11 |l 0 |o 8A3.0108 MAL |p ENG8336 |r 2020-06-11 |w 2020-06-11 |y BK | ||